[Event "Ch BLR 2013 m"]
[Site "?"]
[Date "2013.01.16"]
[Round "5.4"]
[White "Zhigalko, Sergei"]
[Black "Grib, Roman"]
[Result "1/2-1/2"]
[WhiteElo "2651"]
[BlackElo "2358"]
[PlyCount "99"]
[EventDate "2013.??.??"]

1. e4 e6 2. d4 d5 3. Nc3 Nf6 4. e5 Nfd7 5. f4 c5 6. Nf3 Nc6 7. Be3 a6 8. Qd2 b5
9. a3 Qb6 10. Ne2 b4 11. axb4 Qxb4 12. c3 Qb7 13. Nc1 g5 14. fxg5 cxd4 15. Nxd4
Ncxe5 16. Be2 Bg7 17. O-O O-O 18. Qc2 a5 19. Nd3 Nc4 20. Bd2 Qc7 21. Kh1 Nd6
22. Nf4 Ne4 23. Be3 Ba6 24. Bxa6 Rxa6 25. Qe2 Qc4 26. Qf3 Ne5 27. Qd1 Re8 28.
Nh5 Qd3 29. Qc1 Nc4 30. Bg1 Qd2 31. Nxg7 Qxc1 32. Rfxc1 Kxg7 33. b3 Ne5 34. c4
Nd3 35. Rc2 dxc4 36. bxc4 a4 37. Nb5 Kg6 38. Ra3 Rd8 39. Re2 Nec5 40. h4 Kh5
41. g3 Nb3 42. Kg2 h6 43. gxh6 Kxh6 44. Nc3 Rc8 45. Nxa4 Ndc5 46. Rb2 Rxa4 47.
Rbxb3 Rxc4 48. Rf3 f5 49. Rfc3 Ne4 50. Rxc4 1/2-1/2

[Event "Ch BLR 2013 m"]
[Site "?"]
[Date "2013.01.16"]
[Round "5.5"]
[White "Lomako, Pavel"]
[Black "Gorovets, Andrey"]
[Result "0-1"]
[WhiteElo "2361"]
[BlackElo "2477"]
[PlyCount "120"]
[EventDate "2013.??.??"]

1. d4 e6 2. Nf3 c5 3. g3 b5 4. Bg2 Bb7 5. c3 Nf6 6. O-O Na6 7. Nbd2 Be7 8. c4
bxc4 9. Nxc4 cxd4 10. Qxd4 d5 11. Nce5 O-O 12. Bg5 h6 13. Bxf6 Bxf6 14. Rac1
Qd6 15. a3 Rfd8 16. Qf4 Rac8 17. Nd3 Qxf4 18. gxf4 Rxc1 19. Rxc1 Rc8 20. Rxc8+
Bxc8 21. Kf1 g5 22. fxg5 hxg5 23. Ke1 Kf8 24. Kd2 Be7 25. Nfe5 Bd6 26. h3 f6
27. Nc6 Bd7 28. Ncb4 Nxb4 29. Nxb4 Bxb4+ 30. axb4 Ke7 31. e3 Kd6 32. Bf1 e5 33.
Kc3 Be8 34. Be2 Bd7 35. Bf1 f5 36. Be2 Bc8 37. Bf1 f4 38. Bg2 Bd7 39. Bf1 Be6
40. Bg2 Bc8 41. Bf1 Bd7 42. Bg2 Bb5 43. Bf3 e4 44. Bg4 Ke5 45. Bc8 Be8 46. Bg4
Bf7 47. Bc8 Be6 48. Bxe6 Kxe6 49. Kd4 a6 50. Kc5 Ke5 51. b3 f3 52. b5 axb5 53.
b4 Ke6 54. Kc6 d4 55. exd4 e3 56. d5+ Ke5 57. d6 exf2 58. d7 f1=Q 59. d8=Q Qc4+
60. Kb6 Qd4+ 0-1

[Event "Ch BLR 2013 m"]
[Site "?"]
[Date "2013.01.16"]
[Round "5.6"]
[White "Teterev, Vitaly"]
[Black "Tihonov, Jurij"]
[Result "1-0"]
[WhiteElo "2536"]
[BlackElo "2443"]
[PlyCount "123"]
[EventDate "2013.??.??"]

1. Nf3 g6 2. d4 Bg7 3. c4 d6 4. Nc3 Nf6 5. e4 O-O 6. Be2 e5 7. dxe5 dxe5 8.
Qxd8 Rxd8 9. Bg5 c6 10. Nxe5 Re8 11. f4 Na6 12. O-O-O h6 13. Bh4 Nc5 14. Bf3 g5
15. Bg3 g4 16. Bf2 gxf3 17. Bxc5 fxg2 18. Rhg1 Nh5 19. Nd3 Bxc3 20. bxc3 Rxe4
21. Rxg2+ Kh7 22. Bd4 Bf5 23. Nc5 Re7 24. Nb3 b6 25. c5 b5 26. Na5 Be4 27. Rf2
Bd5 28. a4 a6 29. f5 Rae8 30. Kd2 f6 31. c4 bxc4 32. Kc3 Re4 33. Nb7 Nf4 34.
Nd6 Ne2+ 35. Rxe2 Rxe2 36. Nxe8 Rxe8 37. Bxf6 Rf8 38. Bd4 Rxf5 39. Rg1 h5 40.
Kb4 Rf4 41. Bc3 Rf3 42. Rg3 Rf2 43. Ka5 Rxh2 44. Kxa6 h4 45. Re3 Kg6 46. a5 Kf5
47. Kb7 Kg4 48. a6 h3 49. a7 Ra2 50. Be5 c3 51. Rxc3 Rb2+ 52. Kc7 Ra2 53. Kb8
Rb2+ 54. Ka8 h2 55. Bxh2 Rxh2 56. Ra3 Rb2 57. Ra6 Kf5 58. Rb6 Ra2 59. Kb7 Rxa7+
60. Kxa7 Ke5 61. Rb8 Kd4 62. Kb6 1-0

[Event "Ch BLR 2013 m"]
[Site "?"]
[Date "2013.01.17"]
[Round "6.1"]
[White "Gorovets, Andrey"]
[Black "Zhigalko, Andrey"]
[Result "1/2-1/2"]
[WhiteElo "2477"]
[BlackElo "2589"]
[PlyCount "37"]
[EventDate "2013.??.??"]

1. c4 Nf6 2. Nc3 c5 3. g3 e6 4. Nf3 b6 5. Bg2 Bb7 6. O-O Be7 7. b3 O-O 8. Bb2
d6 9. e3 Nbd7 10. d4 a6 11. d5 exd5 12. Ne1 b5 13. Nxd5 Nxd5 14. Bxd5 Bxd5 15.
Qxd5 Nb6 16. Qd3 bxc4 17. bxc4 d5 18. cxd5 Qxd5 19. Qxd5 1/2-1/2

[Event "Ch BLR 2013 m"]
[Site "?"]
[Date "2013.01.17"]
[Round "6.2"]
[White "Stupak, Kirill"]
[Black "Zhigalko, Sergei"]
[Result "0-1"]
[WhiteElo "2526"]
[BlackElo "2651"]
[PlyCount "66"]
[EventDate "2013.??.??"]

1. d4 d5 2. Nf3 c6 3. g3 Nf6 4. Bg2 Bf5 5. O-O e6 6. c4 Nbd7 7. Nc3 dxc4 8. a4
a5 9. Nh4 Bg4 10. Qc2 Qb6 11. Rd1 Bh5 12. h3 Nd5 13. Ne4 Qa6 14. g4 Bg6 15.
Nxg6 hxg6 16. Bd2 Be7 17. Rdc1 N7b6 18. e3 Qa7 19. Bf1 Qb8 20. Bc3 Qc7 21. Kg2
f5 22. Nd2 Bh4 23. Re1 O-O-O 24. Nf3 fxg4 25. hxg4 Rdf8 26. Qe4 Nd7 27. Re2
N5f6 28. Qf4 Qd8 29. g5 Nd5 30. Qg4 Rf5 31. e4 Rf4 32. Qxe6 Rxf3 33. Kxf3 Rf8+
0-1

[Event "Ch BLR 2013 m"]
[Site "?"]
[Date "2013.01.17"]
[Round "6.3"]
[White "Grib, Roman"]
[Black "Teterev, Vitaly"]
[Result "0-1"]
[WhiteElo "2358"]
[BlackElo "2536"]
[PlyCount "48"]
[EventDate "2013.??.??"]

1. e4 c5 2. Nf3 e6 3. b3 b6 4. Bb2 Bb7 5. d3 Nc6 6. g3 d5 7. exd5 exd5 8. d4
Nf6 9. Be2 Be7 10. O-O O-O 11. Re1 Ne4 12. a3 Bf6 13. Ra2 Re8 14. Bf1 cxd4 15.
Nxd4 Nxd4 16. Bxd4 Bxd4 17. Qxd4 Ng5 18. Rxe8+ Qxe8 19. Nd2 Qe1 20. c3 Re8 21.
Kg2 Bc8 22. Qxd5 Bh3+ 23. Kg1 Ne4 24. Qb5 Nxc3 0-1

[Event "Ch BLR 2013 m"]
[Site "?"]
[Date "2013.01.17"]
[Round "6.4"]
[White "Meribanov, Vitaly"]
[Black "Lutsko, Igor"]
[Result "1-0"]
[WhiteElo "2409"]
[BlackElo "2371"]
[PlyCount "79"]
[EventDate "2013.??.??"]

1. e4 c5 2. Nf3 d6 3. d4 cxd4 4. Nxd4 Nf6 5. Nc3 Nc6 6. Bg5 e6 7. Qd2 a6 8.
O-O-O Be7 9. f4 Bd7 10. Nf3 b5 11. e5 b4 12. exf6 bxc3 13. Qxc3 gxf6 14. Bh4 d5
15. Kb1 Rb8 16. a3 O-O 17. f5 Qa5 18. Qxa5 Nxa5 19. b4 Bb5 20. Bxb5 Rxb5 21.
Nd4 Rb6 22. Ka2 Nc4 23. Bf2 a5 24. Nxe6 fxe6 25. Bxb6 Nxb6 26. bxa5 Na4 27. Rd4
Nc3+ 28. Kb3 Ne4 29. fxe6 Rb8+ 30. Rb4 Bxb4 31. axb4 Nc5+ 32. Ka3 Nxe6 33. c4
dxc4 34. Rc1 Rc8 35. b5 c3 36. b6 Nd4 37. b7 Rb8 38. a6 Nb5+ 39. Ka4 Nd6 40. a7
1-0

[Event "Ch BLR 2013 m"]
[Site "?"]
[Date "2013.01.17"]
[Round "6.5"]
[White "Tihonov, Jurij"]
[Black "Lomako, Pavel"]
[Result "1/2-1/2"]
[WhiteElo "2443"]
[BlackElo "2361"]
[PlyCount "125"]
[EventDate "2013.??.??"]

1. g3 g6 2. d4 Bg7 3. Bg2 d5 4. Nf3 Nf6 5. O-O O-O 6. c4 dxc4 7. Na3 c3 8. bxc3
c5 9. Bb2 Nc6 10. e3 Bf5 11. Qe2 Qa5 12. Nd2 cxd4 13. cxd4 Rad8 14. Nb3 Qb4 15.
Rfc1 Bg4 16. f3 Bc8 17. Nc4 Qb5 18. Nc5 Nb8 19. a4 Qe8 20. Nd3 Nc6 21. a5 Nd5
22. Kh1 Ndb4 23. Nxb4 Nxb4 24. Rab1 Nc6 25. Ba3 Be6 26. f4 Bxc4 27. Qxc4 Nxa5
28. Qb4 b6 29. Qxe7 Rd7 30. Qg5 Qxe3 31. Bxf8 Bxf8 32. d5 Bc5 33. Re1 Qd3 34.
Rbd1 Qc2 35. Qf6 Bf8 36. Qd4 Nb3 37. Qa4 Re7 38. Be4 Qc3 39. d6 Re6 40. d7 Nc5
41. Qd4 Qxd4 42. Rxd4 Be7 43. Re2 Bd8 44. Bf3 Rxe2 45. Bxe2 Kf8 46. Bb5 Ke7 47.
Kg2 a6 48. Bc6 b5 49. Kf3 Bb6 50. g4 Ne6 51. Re4 Kd6 52. Bb7 a5 53. Re5 Kxd7
54. Ba6 Kd6 55. Bxb5 f6 56. Rxe6+ Kxe6 57. Ke4 Kd6 58. Be8 Kc5 59. f5 gxf5+ 60.
Kxf5 Bd8 61. h4 Kd6 62. g5 Ke7 63. Ba4 1/2-1/2

[Event "Ch BLR 2013 m"]
[Site "?"]
[Date "2013.01.18"]
[Round "7.1"]
[White "Zhigalko, Sergei"]
[Black "Meribanov, Vitaly"]
[Result "1-0"]
[WhiteElo "2651"]
[BlackElo "2409"]
[PlyCount "69"]
[EventDate "2013.??.??"]

1. e4 e5 2. Nf3 Nc6 3. Bb5 a6 4. Ba4 Nf6 5. O-O Be7 6. Re1 b5 7. Bb3 d6 8. c3
O-O 9. h3 Na5 10. Bc2 c5 11. d4 Qc7 12. Nbd2 Rd8 13. b4 cxb4 14. cxb4 Nc4 15.
Nxc4 bxc4 16. d5 Bd7 17. a4 Nh5 18. Re3 Nf4 19. Rc3 Rdc8 20. Rb1 Bd8 21. Bxf4
exf4 22. Bd3 Qa7 23. Rxc4 Rxc4 24. Bxc4 Rc8 25. Bf1 Bb6 26. Rb2 a5 27. bxa5
Qxa5 28. Bb5 Bxb5 29. Rxb5 Qa7 30. Rb2 f6 31. h4 Rc4 32. Qb1 Qc7 33. Kh2 Rc1
34. Qd3 Qa7 35. Qb5 1-0

[Event "Ch BLR 2013 m"]
[Site "?"]
[Date "2013.01.18"]
[Round "7.2"]
[White "Zhigalko, Andrey"]
[Black "Tihonov, Jurij"]
[Result "1-0"]
[WhiteElo "2589"]
[BlackElo "2443"]
[PlyCount "103"]
[EventDate "2013.??.??"]

1. d4 d5 2. c4 c6 3. Nf3 Nf6 4. Nc3 g6 5. cxd5 cxd5 6. Bf4 Nc6 7. e3 Bg7 8. Bd3
O-O 9. h3 a6 10. Rc1 b6 11. O-O Bb7 12. Qe2 e6 13. a3 Re8 14. Rfd1 b5 15. a4 b4
16. Nb1 Qb6 17. Nbd2 Rec8 18. Ne5 Bf8 19. Nb3 Na5 20. Nxa5 Qxa5 21. Qf3 Be7 22.
Bg5 Qd8 23. h4 h5 24. Qf4 Kg7 25. Bh6+ Kg8 26. Bg5 Kg7 27. g4 Qh8 28. Bxf6+
Bxf6 29. g5 Bxe5 30. Qxe5+ Kh7 31. Qxh8+ Kxh8 32. a5 Kg7 33. Kh2 Kf8 34. Kg3
Ke7 35. Ra1 Bc6 36. Rdc1 Bd7 37. Rxc8 Bxc8 38. Rc1 Kd6 39. Kf4 Bd7 40. f3 Rb8
41. Rc5 e5+ 42. Kg3 exd4 43. exd4 Ra8 44. Kf4 Ba4 45. Ke3 Bd7 46. Rxd5+ Kxd5
47. Be4+ Kc4 48. Bxa8 Kb5 49. Bd5 Kxa5 50. Bxf7 Bf5 51. Bc4 Kb6 52. Bd3 1-0

[Event "Ch BLR 2013 m"]
[Site "?"]
[Date "2013.01.18"]
[Round "7.3"]
[White "Teterev, Vitaly"]
[Black "Stupak, Kirill"]
[Result "0-1"]
[WhiteElo "2536"]
[BlackElo "2526"]
[PlyCount "79"]
[EventDate "2013.??.??"]

1. Nf3 Nf6 2. g3 b5 3. Bg2 Bb7 4. O-O e6 5. d3 c5 6. c3 Be7 7. a4 b4 8. a5 O-O
9. cxb4 cxb4 10. Nbd2 Na6 11. Nb3 Rc8 12. Be3 Qc7 13. Qd2 Qb8 14. Rfc1 Nd5 15.
Bd4 d6 16. e4 Nf6 17. Be3 Rfe8 18. Qe2 Rxc1+ 19. Rxc1 Rc8 20. Rxc8+ Bxc8 21.
Qc2 Bd7 22. d4 Ba4 23. Ne1 d5 24. Bf4 Qd8 25. Qe2 Nc7 26. Nc5 Bxc5 27. dxc5
dxe4 28. Qc4 Ncd5 29. Bd6 Qxa5 30. Bf1 h5 31. b3 Bc6 32. Nc2 Qa2 33. Nd4 e3 34.
fxe3 Nc3 35. Nxc6 Ng4 36. Ne7+ Kh7 37. Qxg4 hxg4 38. Bd3+ g6 39. c6 Nd1 40. c7
0-1

[Event "Ch BLR 2013 m"]
[Site "?"]
[Date "2013.01.18"]
[Round "7.4"]
[White "Kovalev, Vladislav"]
[Black "Gorovets, Andrey"]
[Result "1/2-1/2"]
[WhiteElo "2482"]
[BlackElo "2477"]
[PlyCount "134"]
[EventDate "2013.??.??"]

1. e4 e6 2. d4 d5 3. Nd2 c5 4. exd5 exd5 5. Ngf3 a6 6. Be2 Nf6 7. O-O Be7 8.
dxc5 Bxc5 9. Nb3 Ba7 10. Bg5 O-O 11. c4 Nc6 12. Rc1 h6 13. cxd5 Qxd5 14. Bxf6
Qxd1 15. Rfxd1 gxf6 16. Nc5 Bxc5 17. Rxc5 Be6 18. a3 Rfd8 19. Rdc1 Nd4 20. Nxd4
Rxd4 21. Kf1 Rad8 22. Rc7 R8d7 23. Rxd7 Rxd7 24. Bf3 Rd2 25. Bxb7 a5 26. Bc6
Rxb2 27. Rc5 Bb3 28. Rxa5 Bc4+ 29. Ke1 Re2+ 30. Kd1 Rxf2 31. Rc5 Bb3+ 32. Kc1
Ra2 33. Kb1 Kf8 34. Rc3 Be6 35. Be4 Re2 36. Bf3 Rd2 37. Kc1 Ra2 38. Re3 Ke7 39.
Kb1 Rd2 40. a4 Kd6 41. Ra3 Kc5 42. Kc1 Rd6 43. Re3 Kb4 44. Re4+ Kc3 45. Rh4 Bb3
46. a5 Rd2 47. Rh3 Rc2+ 48. Kd1 Ra2+ 49. Ke1 Kd4 50. Rxh6 Rxa5 51. Kf2 Ke5 52.
Kg3 Bd5 53. Rh8 Bxf3 54. Kxf3 f5 55. Kg3 Kf6 56. Rg8 Ra3+ 57. Kh4 Ra2 58. Kh5
f4 59. h4 Ra3 60. Rg5 f3 61. g4 Ra8 62. Rf5+ Kg7 63. g5 Ra6 64. Rxf3 f6 65. Rb3
fxg5 66. Rb7+ Kg8 67. hxg5 Rc6 1/2-1/2

[Event "Ch BLR 2013 m"]
[Site "?"]
[Date "2013.01.18"]
[Round "7.5"]
[White "Lomako, Pavel"]
[Black "Grib, Roman"]
[Result "0-1"]
[WhiteElo "2361"]
[BlackElo "2358"]
[PlyCount "114"]
[EventDate "2013.??.??"]

1. d4 Nf6 2. Nf3 g6 3. g3 Bg7 4. Bg2 O-O 5. O-O d5 6. c3 c6 7. Bf4 Nbd7 8. Nbd2
h6 9. Re1 g5 10. Be3 Ng4 11. Nf1 Nxe3 12. Nxe3 f5 13. Qc2 e5 14. Nxf5 Rxf5 15.
Qxf5 e4 16. Qe6+ Kh7 17. Qf7 exf3 18. Bxf3 Qf6 19. Qh5 Qf8 20. Bg2 Nf6 21. Qf3
Kg6 22. c4 dxc4 23. Qc3 Be6 24. Qc2+ Kf7 25. e4 Rd8 26. Rad1 Qb4 27. a3 Qb3 28.
Qe2 Bg4 29. f3 Bc8 30. e5 Nd5 31. f4 g4 32. f5 Bxf5 33. Rf1 Qe3+ 34. Qf2 Qxf2+
35. Rxf2 Ke6 36. Re1 Ne7 37. Rd2 Bd3 38. b3 b5 39. bxc4 bxc4 40. Bf1 Rxd4 41.
Bxd3 cxd3 42. Re3 Bxe5 43. h3 h5 44. Rexd3 c5 45. Rxd4 Bxd4+ 46. Kg2 Nf5 47.
hxg4 hxg4 48. a4 c4 49. Re2+ Kd5 50. Re8 c3 51. Rf8 Ne3+ 52. Kh2 c2 53. Rd8+
Kc4 54. Rc8+ Bc5 55. a5 Nf1+ 56. Kg2 c1=Q 57. a6 Qd2+ 0-1

[Event "Ch BLR 2013 m"]
[Site "?"]
[Date "2013.01.19"]
[Round "8.1"]
[White "Lutsko, Igor"]
[Black "Zhigalko, Sergei"]
[Result "0-1"]
[WhiteElo "2371"]
[BlackElo "2651"]
[PlyCount "82"]
[EventDate "2013.??.??"]

1. d4 Nf6 2. c4 e6 3. Nc3 Bb4 4. e3 O-O 5. Bd3 d5 6. Nge2 b6 7. cxd5 exd5 8. f3
Re8 9. O-O Bb7 10. Bd2 Bf8 11. Qc2 c5 12. Rad1 Nc6 13. a3 g6 14. Qb1 Rc8 15.
Bc1 Qc7 16. Kh1 Rcd8 17. Qa2 Bh6 18. dxc5 bxc5 19. e4 Bxc1 20. exd5 Ne5 21.
Nxc1 Nxd5 22. Bb5 Nxc3 23. bxc3 Rxd1 24. Rxd1 Nxf3 25. gxf3 Bxf3+ 26. Kg1 Re5
27. Rd2 Re1+ 28. Kf2 Rxc1 29. Qb2 Rd1 30. Kxf3 Rxd2 31. Qxd2 Qb7+ 32. Ke3 Qxb5
33. Qd8+ Kg7 34. Qd5 h5 35. Qe5+ Kg8 36. Kf4 a6 37. a4 Qxa4+ 38. Kg5 Qc6 39.
Kh6 g5+ 40. Kxh5 Qg6+ 41. Kg4 Qe6+ 0-1

[Event "Ch BLR 2013 m"]
[Site "?"]
[Date "2013.01.19"]
[Round "8.2"]
[White "Grib, Roman"]
[Black "Zhigalko, Andrey"]
[Result "0-1"]
[WhiteElo "2358"]
[BlackElo "2589"]
[PlyCount "118"]
[EventDate "2013.??.??"]

1. e4 c5 2. Nf3 e6 3. d4 cxd4 4. Nxd4 a6 5. Nc3 d6 6. Be2 b5 7. a3 Bb7 8. f4
Nd7 9. O-O Ngf6 10. Bf3 Rc8 11. Qe1 e5 12. Nb3 g6 13. a4 b4 14. Nd5 a5 15. fxe5
Nxd5 16. e6 N5f6 17. exd7+ Nxd7 18. e5 Nxe5 19. Bxb7 Qb6+ 20. Be3 Qxb7 21. Nxa5
Qb8 22. Qe2 Bg7 23. Qb5+ Ke7 24. Qxb8 Rxb8 25. Nb3 Rhc8 26. Nd4 f5 27. Rae1 Kd7
28. Re2 Ng4 29. Nf3 Re8 30. Rfe1 Rxe3 31. Rxe3 Nxe3 32. Rxe3 Bxb2 33. Rd3 Rc8
34. Nd4 Rc4 35. Nb3 Rxc2 36. Rd2 Rxd2 37. Nxd2 Kc6 38. Kf1 Bc3 39. Nb3 Kd5 40.
a5 Kc6 41. Ke2 Kb5 42. h3 Be5 43. Kd3 Bf6 44. Kc2 h5 45. Kd3 g5 46. a6 Kxa6 47.
Kc4 Bc3 48. Kd5 Kb5 49. Kxd6 Kc4 50. Na5+ Kd4 51. Ke6 Ke4 52. Nb3 f4 53. Nc5+
Kd4 54. Nb3+ Kc4 55. Na5+ Kb5 56. Nb3 g4 57. hxg4 hxg4 58. Nc1 f3 59. gxf3 gxf3
0-1

[Event "Ch BLR 2013 m"]
[Site "?"]
[Date "2013.01.19"]
[Round "8.3"]
[White "Meribanov, Vitaly"]
[Black "Teterev, Vitaly"]
[Result "1/2-1/2"]
[WhiteElo "2409"]
[BlackElo "2536"]
[PlyCount "95"]
[EventDate "2013.??.??"]

1. e4 c5 2. Nf3 e6 3. Nc3 a6 4. d4 cxd4 5. Nxd4 Qc7 6. Bd3 Nf6 7. O-O Be7 8.
Kh1 d6 9. f4 Nbd7 10. Qe2 O-O 11. Bd2 Nc5 12. a4 b6 13. b4 Nxd3 14. cxd3 Bb7
15. Rfc1 Qd7 16. Be3 Rfc8 17. Nf3 d5 18. e5 d4 19. exf6 Bxf6 20. Ne4 Bxe4 21.
dxe4 dxe3 22. e5 Be7 23. Qxe3 Rxc1+ 24. Rxc1 Qxa4 25. Qxb6 Qxb4 26. Qc6 Qb8 27.
f5 Qe8 28. Qb7 exf5 29. Nd4 Bg5 30. Re1 Rb8 31. Qxa6 Qxe5 32. Nf3 Qf6 33. Qb5
Rf8 34. g4 Bh4 35. Re8 fxg4 36. Nxh4 Qxh4 37. Rxf8+ Kxf8 38. Qb8+ Ke7 39. Qe5+
Kd8 40. Qd5+ Ke8 41. Qb5+ Kf8 42. Qb8+ Ke7 43. Qe5+ Kd7 44. Qd5+ Ke8 45. Qb5+
Kd8 46. Qd5+ Ke8 47. Qb5+ Kf8 48. Qb8+ 1/2-1/2

[Event "Ch BLR 2013 m"]
[Site "?"]
[Date "2013.01.19"]
[Round "8.4"]
[White "Tihonov, Jurij"]
[Black "Kovalev, Vladislav"]
[Result "0-1"]
[WhiteElo "2443"]
[BlackElo "2482"]
[PlyCount "62"]
[EventDate "2013.??.??"]

1. Nf3 Nf6 2. c4 g6 3. Nc3 Bg7 4. e4 d6 5. d4 O-O 6. Be2 e5 7. O-O Nc6 8. d5
Ne7 9. b4 a5 10. Ba3 axb4 11. Bxb4 Nd7 12. a4 Bh6 13. Ne1 f5 14. Bf3 Nf6 15. c5
fxe4 16. cxd6 cxd6 17. Nxe4 Nxe4 18. Bxe4 Bf5 19. Bxf5 Nxf5 20. Nc2 Qg5 21. Ra3
Rac8 22. Ne3 Nxe3 23. Rxe3 Rxf2 24. Rxf2 Qxe3 25. Bd2 Qd4 26. Qe2 Bxd2 27. Qxd2
Qc5 28. g4 Rf8 29. h4 Rf4 30. g5 Kf7 31. Kg2 Qxf2+ 0-1

[Event "Ch BLR 2013 m"]
[Site "?"]
[Date "2013.01.19"]
[Round "8.4"]
[White "Stupak, Kirill"]
[Black "Lomako, Pavel"]
[Result "0-1"]
[WhiteElo "2526"]
[BlackElo "2361"]
[PlyCount "68"]
[EventDate "2013.??.??"]

1. d4 Nf6 2. g3 c5 3. Nf3 Qa5+ 4. c3 cxd4 5. Nxd4 Qd5 6. f3 Nc6 7. e4 Nxe4 8.
Nb5 Qxd1+ 9. Kxd1 Nf2+ 10. Ke1 Nxh1 11. Nc7+ Kd8 12. Nxa8 b5 13. Be3 Bb7 14.
Nd2 Bxa8 15. Bxb5 e6 16. Ke2 Nxg3+ 17. hxg3 d5 18. c4 d4 19. Bxc6 dxe3 20. Bxa8
exd2 21. Kxd2 Kc7 22. Be4 h5 23. a3 g5 24. b4 Bd6 25. Rg1 h4 26. gxh4 Bf4+ 27.
Ke2 gxh4 28. c5 h3 29. Rh1 h2 30. Bd3 Rg8 31. Kf1 Rd8 32. Ke2 Rd5 33. c6 Rg5
34. Kf1 Kxc6 0-1

[Event "Ch BLR 2013 m"]
[Site "?"]
[Date "2013.01.20"]
[Round "9.2"]
[White "Kovalev, Vladislav"]
[Black "Grib, Roman"]
[Result "1-0"]
[WhiteElo "2482"]
[BlackElo "2358"]
[PlyCount "57"]
[EventDate "2013.??.??"]

1. e4 e6 2. d4 d5 3. Nd2 c5 4. exd5 Qxd5 5. Ngf3 cxd4 6. Bc4 Qd6 7. O-O Nf6 8.
Nb3 Nc6 9. Nbxd4 Nxd4 10. Nxd4 a6 11. Re1 Qc7 12. Bb3 Bd6 13. h3 O-O 14. Bg5
Bh2+ 15. Kh1 Be5 16. c3 h6 17. Nf3 Bxc3 18. Rc1 hxg5 19. Rxc3 Qb6 20. Kg1 g4
21. Ne5 Rd8 22. Qc1 Nd5 23. Rg3 Qc7 24. Qd2 Ne7 25. Qg5 Nf5 26. Rxg4 Rd4 27.
Nxf7 Qa5 28. Re5 Qb4 29. Nh6+ 1-0

[Event "Ch BLR 2013 m"]
[Site "?"]
[Date "2013.01.20"]
[Round "9.3"]
[White "Teterev, Vitaly"]
[Black "Lutsko, Igor"]
[Result "0-1"]
[WhiteElo "2536"]
[BlackElo "2371"]
[PlyCount "152"]
[EventDate "2013.??.??"]

1. Nf3 e6 2. g3 f5 3. Bg2 Nf6 4. c4 c6 5. O-O d5 6. b3 Nbd7 7. Qc2 Be7 8. Nd4
Ne5 9. cxd5 cxd5 10. Bb2 Nf7 11. Nc3 Bd7 12. e3 O-O 13. f4 Rc8 14. Qd1 Bc5 15.
Nce2 Qe7 16. a3 a6 17. h3 Nd8 18. b4 Ba7 19. d3 Nc6 20. Qd2 Rc7 21. Nf3 Rfc8
22. Rfc1 Be8 23. Ned4 Nd7 24. Nxc6 bxc6 25. Rc2 c5 26. Rac1 Bb6 27. bxc5 Rxc5
28. Rxc5 Rxc5 29. Bd4 Rxc1+ 30. Qxc1 Bc5 31. Qa1 Bh5 32. Bxc5 Nxc5 33. Ne5 Nd7
34. Nc6 Qc5 35. Nd4 Qb6 36. Qc3 Nc5 37. Bf1 a5 38. Kf2 h6 39. Qc2 Kf7 40. Ke1
Ke7 41. g4 fxg4 42. Be2 Be8 43. hxg4 Kd6 44. Kf2 Bd7 45. Ke1 Na4 46. Kd2 Nc5
47. Qc3 Na4 48. Qa1 Nc5 49. Qc3 Na4 50. Qb3 Kc7 51. Qc2+ Kd6 52. Bd1 Qc5 53.
Qb3 Qb6 54. Bc2 e5 55. Nf5+ Bxf5 56. Qxa4 Bd7 57. fxe5+ Ke7 58. Qf4 g5 59. Qf3
d4 60. Ke1 Qb2 61. Bd1 Qc3+ 62. Ke2 dxe3 63. Qf6+ Ke8 64. Qh8+ Ke7 65. Qg7+ Ke8
66. Qg8+ Ke7 67. Qh7+ Kd8 68. Qg8+ Kc7 69. Kxe3 Qc1+ 70. Kd4 Qa1+ 71. Ke3 Qxd1
72. Qc4+ Kb7 73. Qd5+ Bc6 74. Qxa5 Qc1+ 75. Kd4 Qf4+ 76. Kc3 Qxg4 {Kc4} 0-1

[Event "Ch BLR 2013 m"]
[Site "?"]
[Date "2013.01.20"]
[Round "9.4"]
[White "Gorovets, Andrey"]
[Black "Tihonov, Jurij"]
[Result "0-1"]
[WhiteElo "2477"]
[BlackElo "2443"]
[PlyCount "62"]
[EventDate "2013.??.??"]

1. c4 g6 2. d4 Bg7 3. e4 d6 4. Nc3 Nf6 5. Be2 O-O 6. Bg5 Na6 7. Qd2 c6 8. Nf3
Nc7 9. d5 Bd7 10. Nd4 a6 11. b4 cxd5 12. exd5 b5 13. O-O bxc4 14. Bxc4 Nb5 15.
Rae1 Nxd4 16. Qxd4 Ng4 17. Qd2 Qc7 18. Bxe7 Rfe8 19. Qf4 Ne5 20. Bxd6 Qxc4 21.
Ne4 Qxd5 22. Nf6+ Bxf6 23. Qxf6 Bc6 24. f3 Re6 25. Bxe5 Rxf6 26. Bxf6 Qf5 27.
Ba1 h5 28. Rc1 Bb5 29. Rfd1 Re8 30. Rd2 Qf4 31. Rcd1 Qe3+ 0-1

[Event "Ch BLR 2013 m"]
[Site "?"]
[Date "2013.01.20"]
[Round "9.5"]
[White "Lomako, Pavel"]
[Black "Meribanov, Vitaly"]
[Result "1/2-1/2"]
[WhiteElo "2361"]
[BlackElo "2409"]
[PlyCount "52"]
[EventDate "2013.??.??"]

1. c4 c5 2. g3 g6 3. Bg2 Bg7 4. Nc3 Nf6 5. Nf3 Nc6 6. O-O O-O 7. d4 cxd4 8.
Nxd4 Nxd4 9. Qxd4 d6 10. b3 a6 11. Bb2 Rb8 12. Nd5 Be6 13. Qd2 Bxd5 14. cxd5
Qd7 15. Rac1 Rfc8 16. Rxc8+ Rxc8 17. Rc1 Ne8 18. Ba3 Rc7 19. Rc4 Rxc4 20. bxc4
Qc7 21. Qc1 Bd4 22. e3 Bc5 23. Bb2 Qd7 24. Qc2 Nf6 25. Bf3 Qc7 26. Qc3 h6
1/2-1/2